000 01102nam a2200253 a 4500
001 82255
003 BD-RjUL
005 20231106120254.0
008 231106s2 bg a|||| m||| 00| 0 eng d
035 _a(BD-RjUL)82255
040 _aBD-RjUL
_beng
_cBD-RjUL
_dBD-RjUL
041 _aeng
082 _223
_a363.728
_bKHI 2014
100 _aKHAN, MOHAMMAD ZAKIR HOSSAIN
_99945
245 1 0 _aIMPACT OF MUNICIPAL WASTE DUMPING ON SOIL AND WATER AROUND A DUMP SITE IN RAJSHAHI CITY /
_cMOHAMMAD ZAKIR HOSSAIN KHAN
_6Principal Supervisor : Md. Golam Mostafa,Co-Supervisor : Ananda Kumar Saha
260 _aRajshahi :
_bInstitute of Environmental Science, University of Rajshahi,
_c2014
300 _a[4], ix, [1], 83 leaves :
_bill.;
_c29 cm.
502 _aThesis(M.Phil.)-- Institute of Environmental Science, University of Rajshahi,2014
504 _aReferences : Leaves 70-78
650 _aMunicipal Waste Dumping
_xSoil and Water
_zBangladesh
_zRajshahi City
_99946
700 _aMostafa, Md. Golam, Principal Supervisor
_96619
700 _aSaha, Ananda Kumar, Co-Supervisor
_96158
942 _2ddc
_cTHE
999 _c82255
_d82255